|
|
|
|
| LEADER |
00000nab a2200000 ar4500 |
| 001 |
vtls009187356 |
| 003 |
SK-MaSNL |
| 005 |
20260303231051.0 |
| 008 |
080228c2007 xo cr|p|||||||000 b|slo |
| 038 |
|
|
|a PPPK
|
| 040 |
|
|
|a PPPKCL
|b slo
|c PPPK
|e AACR2
|
| 041 |
0 |
|
|a slo
|
| 044 |
|
|
|a xo
|c SK
|
| 080 |
|
|
|a 373/378:7:69.059.3
|2 2001
|
| 080 |
|
|
|a 69.059.3:725.823
|2 2001
|
| 080 |
|
|
|a 725.823: 373/378:7
|2 2001
|
| 245 |
0 |
0 |
|a Umelecká škola s koncertnou sálou
|c [autor] (klm)
|
| 610 |
2 |
7 |
|a Základná umelecká škola (Poprad, Slovensko)
|2 pppkcl
|9 34321
|
| 650 |
0 |
7 |
|a umelecké školy
|2 pppkcl
|9 29319
|
| 650 |
0 |
7 |
|a rekonštrukcie stavieb
|2 pppkcl
|9 74886
|
| 651 |
|
7 |
|a Poprad (Slovensko)
|2 pppkcl
|9 20155
|
| 773 |
0 |
|
|t Poprad : noviny občanov mesta
|g Roč. XVIII, č. 84 (2007), s. 1
|
| 852 |
|
|
|a PPPK
|b KIS3GCP
|
| 999 |
|
|
|c 2265028
|d 2266958
|